इतिहास (Record no. 957860)

MARC details
000 -LEADER
fixed length control field 00372nam a2200133Ia 4500
008 - FIXED-LENGTH DATA ELEMENTS--GENERAL INFORMATION
fixed length control field 151001s9999||||xx |||||||||||||| ||und||
100 ## - MAIN ENTRY--PERSONAL NAME
Personal name रवींद्रनाथ टागोर
245 ## - TITLE STATEMENT
Title इतिहास
250 ## - EDITION STATEMENT
Edition statement 1
260 ## - PUBLICATION, DISTRIBUTION, ETC. (IMPRINT)
Name of publisher, distributor, etc प्रेस्टीज पब्लिकेशन पुणे
260 ## - PUBLICATION, DISTRIBUTION, ETC. (IMPRINT)
Date of publication, distribution, etc 1971
300 ## - PHYSICAL DESCRIPTION
Extent 125
365 ## - TRADE PRICE
Price amount 22

No items available.